[Event "NK B Jeugd"]
[Site "Chess.com"]
[Date "2020.05.01"]
[Round "7"]
[White "Shakhverdian, William"]
[Black "Cchung, Nyuk Lyn"]
[Result "1-0"]
[WhiteElo "2106"]
[BlackElo "2026"]
[PlyCount "107"]
[EventDate "2020.05.??"]

1. d4 Nf6 2. c4 e6 3. Nf3 d5 4. Nc3 Be7 5. Bf4 a6 6. cxd5 exd5 7. e3 Bg4 8. Be2
Nbd7 9. h3 Bh5 10. Qb3 Nb6 11. a4 a5 12. O-O c6 13. Ne5 Bxe2 14. Nxe2 Ne4 15.
Qc2 O-O 16. b3 Rc8 17. Rac1 c5 18. dxc5 Bxc5 19. Qd1 Qe7 20. Nd4 Ba3 21. Rxc8
Rxc8 22. Qg4 Nd2 23. Rd1 Ne4 24. Nf5 Qf6 25. Nh6+ Kf8 26. Nhxf7 Nc3 27. Rf1 Ne4
28. f3 Nd2 29. Bg5 Nxf1 30. Bxf6 gxf6 31. Kxf1 Rc1+ 32. Kf2 fxe5 33. Nxe5 Rc2+
34. Kg1 Rc1+ 35. Kh2 Bd6 36. Qf5+ Ke7 37. f4 Re1 38. Qxh7+ Kd8 39. Qxb7 Bc7 40.
Nc6+ Kd7 41. Ne5+ Kd8 42. Qc6 Rxe3 43. Qf6+ Kc8 44. h4 d4 45. Ng4 Re1 46. Qxd4
Rf1 47. Ne5 Kb7 48. h5 Rxf4 49. Qxf4 Nd7 50. Qe4+ Kb8 51. h6 Nxe5 52. g3 Nf7
53. Qe8+ Nd8 54. h7 1-0

[Event "NK B Jeugd"]
[Site "Chess.com"]
[Date "2020.05.01"]
[Round "7"]
[White "Van Dam, Thijs"]
[Black "Elgersma, Onno"]
[Result "0-1"]
[WhiteElo "2121"]
[BlackElo "2294"]
[PlyCount "76"]
[EventDate "2020.05.??"]

1. d4 Nf6 2. c4 e6 3. Nc3 d5 4. cxd5 exd5 5. Bg5 c6 6. e3 Bd6 7. Bd3 O-O 8. Nf3
Re8 9. O-O h6 10. Bh4 a5 11. Na4 Bg4 12. Be2 Nbd7 13. a3 Qc7 14. Bg3 Bxg3 15.
hxg3 Ne4 16. b4 axb4 17. axb4 b5 18. Nc5 Ndxc5 19. dxc5 Qe7 20. Qc2 Qf6 21. Nd4
Bxe2 22. Qxe2 h5 23. Qf3 Qg6 24. Qf5 Qh6 25. Qd7 Rac8 26. Ra7 Ng5 27. Nf5 Qf6
28. Nd6 Red8 29. Qf5 Qxf5 30. Nxf5 Ra8 31. Rxa8 Rxa8 32. Ne7+ Kf8 33. Nxc6 Ra4
34. Rd1 f6 35. Rxd5 Ne4 36. Rxh5 Ra1+ 37. Kh2 Nxf2 38. Nd4 Rh1# 0-1

[Event "NK B Jeugd"]
[Site "Chess.com"]
[Date "2020.05.01"]
[Round "7"]
[White "Van Foreest, Machteld"]
[Black "Rutten, Alexander"]
[Result "1-0"]
[WhiteElo "2011"]
[BlackElo "1959"]
[PlyCount "113"]
[EventDate "2020.05.??"]

1. e4 c5 2. Nf3 d6 3. Bb5+ Bd7 4. Bxd7+ Qxd7 5. d4 cxd4 6. Qxd4 Nc6 7. Qe3 Nf6
8. Nc3 g6 9. O-O Bg7 10. h3 O-O 11. Rd1 Qc7 12. a3 a6 13. Rb1 Na5 14. b3 b5 15.
Bb2 Rac8 16. a4 b4 17. Nd5 Nxd5 18. exd5 Bxb2 19. Rxb2 Qc3 20. Qxc3 Rxc3 21.
Rd4 Rb8 22. Ne1 Rb6 23. Nd3 Nb7 24. Rxb4 Rxb4 25. Nxb4 a5 26. Nd3 Kf8 27. Kf1
Ke8 28. Ke2 e6 29. dxe6 fxe6 30. Kd2 Rc8 31. c3 Kd7 32. b4 e5 33. f3 Ke6 34.
Rb1 Rc4 35. Kc2 g5 36. Kb3 Rc8 37. Rh1 Kf5 38. g4+ Kg6 39. h4 h6 40. hxg5 hxg5
41. Rd1 Rf8 42. Ne1 Kf6 43. Rd5 Ke6 44. Rb5 Rf7 45. Nc2 axb4 46. cxb4 Rxf3+ 47.
Kb2 Nd8 48. a5 Nc6 49. Rb6 Kd7 50. a6 e4 51. b5 Na5 52. Rb8 Nc4+ 53. Ka2 Rc3
54. a7 Rxc2+ 55. Kb3 Rc1 56. a8=Q Ne5 57. Qxe4 1-0

[Event "NK B Jeugd"]
[Site "Chess.com"]
[Date "2020.05.01"]
[Round "7"]
[White "Van Foreest, Nanne"]
[Black "Qi, Zimo"]
[Result "0-1"]
[WhiteElo "1835"]
[BlackElo "1743"]
[PlyCount "25"]
[EventDate "2020.05.??"]

1. e4 c5 2. Nf3 e6 3. d4 cxd4 4. Nxd4 a6 5. Nc3 Qc7 6. Be3 Nf6 7. Qd2 Bb4 8. f3
d5 9. exd5 Nxd5 10. Nde2 Nxe3 11. Qxe3 O-O 12. a3 Bd6 13. O-O-O 0-1

[Event "NK B Jeugd"]
[Site "Chess.com"]
[Date "2020.05.01"]
[Round "7"]
[White "Van Kuijk, Vadim"]
[Black "Grooten, Tommy"]
[Result "1-0"]
[WhiteElo "1805"]
[BlackElo "1827"]
[PlyCount "95"]
[EventDate "2020.05.??"]

1. d4 Nf6 2. c4 g6 3. g3 Bg7 4. Bg2 d6 5. Nc3 O-O 6. Nf3 Nc6 7. O-O a6 8. Bg5
h6 9. Be3 e5 10. dxe5 dxe5 11. Qc2 Bf5 12. Qb3 Qc8 13. Rad1 Be6 14. Nd5 Kh7 15.
Bc5 Rd8 16. Be7 Nxd5 17. cxd5 Nxe7 18. dxe6 Qxe6 19. Qxb7 Rab8 20. Qxc7 Rdc8
21. Qd6 Qxd6 22. Rxd6 Rxb2 23. Rxa6 Rcc2 24. Ra7 Nc6 25. Rc7 Nd4 26. Rxf7 Nxe2+
27. Kh1 Nd4 28. Nxe5 Nf5 29. Nd3 Rd2 30. Nxb2 Rxb2 31. Kg1 Rxa2 32. Rd1 Kg8 33.
Rc7 Nd4 34. Bd5+ Kh8 35. Bxa2 Ne2+ 36. Kf1 Nd4 37. Rxg7 Kxg7 38. Rxd4 g5 39.
Rd6 h5 40. Kg2 h4 41. gxh4 g4 42. Kg3 Kh7 43. Kxg4 Kh8 44. Kg5 Kg7 45. Rd7+ Kh8
46. Bb1 Kg8 47. Kf6 Kh8 48. Rd8# 1-0

[Event "NK B Jeugd"]
[Site "Chess.com"]
[Date "2020.05.01"]
[Round "7"]
[White "Van der Hagen, Loek"]
[Black "Albers, Sasa"]
[Result "1-0"]
[WhiteElo "2219"]
[BlackElo "2078"]
[PlyCount "57"]
[EventDate "2020.05.??"]

1. e4 c6 2. Nc3 d5 3. Nf3 Bg4 4. h3 Bxf3 5. Qxf3 e6 6. d4 dxe4 7. Qxe4 Nf6 8.
Qd3 Be7 9. Be3 O-O 10. O-O-O b5 11. g4 a5 12. Bg2 Nd5 13. Nxd5 exd5 14. Kb1 Nd7
15. h4 b4 16. g5 Nb6 17. f4 Nc4 18. Bc1 a4 19. f5 f6 20. Rde1 Qd7 21. Re6 Rae8
22. Rhe1 Bd8 23. Bh3 Nd6 24. g6 h6 25. Bd2 b3 26. cxb3 axb3 27. Qxb3 Ne4 28.
R1xe4 dxe4 29. Rd6+ 1-0

[Event "NK B Jeugd"]
[Site "Chess.com"]
[Date "2020.05.01"]
[Round "7"]
[White "Verheul, Job"]
[Black "Nitrauw, Peter"]
[Result "1/2-1/2"]
[WhiteElo "1935"]
[BlackElo "1661"]
[PlyCount "58"]
[EventDate "2020.05.??"]

1. e4 c5 2. Nf3 Nc6 3. Bb5 Nf6 4. Qe2 a6 5. Bxc6 bxc6 6. O-O g6 7. e5 Nd5 8. c4
Nb6 9. Nc3 Bg7 10. b3 O-O 11. Bb2 d5 12. exd6 exd6 13. Rfe1 Bf5 14. Qe7 Re8 15.
Qxe8+ Qxe8 16. Rxe8+ Rxe8 17. Re1 Rxe1+ 18. Nxe1 d5 19. Na4 Nxa4 20. Bxg7 Kxg7
21. bxa4 dxc4 22. f4 Kf6 23. Kf2 Ke6 24. Ke3 Kd5 25. Nf3 f6 26. Ng1 a5 27. Ne2
Bd3 28. Nc3+ Kd6 29. g3 Ke6 1/2-1/2

[Event "NK B Jeugd"]
[Site "Chess.com"]
[Date "2020.05.01"]
[Round "7"]
[White "Wierenga, Jael"]
[Black "Slagboom, Leandro"]
[Result "1-0"]
[WhiteElo "1959"]
[BlackElo "1911"]
[PlyCount "57"]
[EventDate "2020.05.??"]

1. d4 d5 2. c4 e6 3. Nc3 c6 4. Nf3 Nf6 5. Bf4 Bd6 6. Bg3 Bxg3 7. hxg3 dxc4 8.
e3 b5 9. a4 Qb6 10. Be2 Bb7 11. Ne5 Nbd7 12. Nxd7 Nxd7 13. Bf3 a5 14. Ne4 Qc7
15. Rc1 O-O-O 16. b3 Ne5 17. Be2 bxa4 18. bxa4 c5 19. Nxc5 Bxg2 20. Rh5 Nc6 21.
Bxc4 Bd5 22. Bxd5 Rxd5 23. Rxd5 exd5 24. Qg4+ Kd8 25. Qg5+ f6 26. Qxd5+ Ke8 27.
Qe6+ Ne7 28. Kd2 Qb6 29. Qxb6 1-0

[Event "NK C Jeugd"]
[Site "Chess.com"]
[Date "2020.05.01"]
[Round "1"]
[White "Arnold, Rhys"]
[Black "Smeets, Kobe"]
[Result "1-0"]
[WhiteElo "1722"]
[BlackElo "1995"]
[PlyCount "117"]
[EventDate "2020.05.??"]

1. e4 c5 2. Nc3 Nc6 3. f4 g6 4. Nf3 Bg7 5. Bc4 e6 6. O-O Nge7 7. d3 O-O 8. Qe1
b6 9. Qh4 Bb7 10. f5 exf5 11. Bg5 Qe8 12. Nb5 Qd8 13. Nd6 Rb8 14. Bb5 a6 15.
Bxc6 Bxc6 16. Bxe7 Qc7 17. Bxf8 Bxf8 18. e5 Bxd6 19. exd6 Qxd6 20. Rae1 Bxf3
21. Rxf3 b5 22. Qg3 Qd4+ 23. Kh1 Rf8 24. c3 Qd5 25. Rfe3 Qxa2 26. Qf2 d5 27.
Re8 Rxe8 28. Rxe8+ Kg7 29. Re1 c4 30. Qd4+ Kh6 31. dxc4 dxc4 32. Qd8 Qxb2 33.
Qf8+ Kg5 34. Qe7+ Kh6 35. Qe3+ Kg7 36. Qd4+ Kh6 37. h3 a5 38. Rd1 a4 39. Qd2+
Qxd2 40. Rxd2 Kg5 41. Kg1 Kf4 42. Kf2 Ke4 43. Ke2 g5 44. Rb2 h5 45. Rxb5 g4 46.
hxg4 hxg4 47. Ra5 f4 48. Rxa4 f3+ 49. gxf3+ gxf3+ 50. Kf2 Kd3 51. Kxf3 Kxc3 52.
Ke2 Kb3 53. Ra8 Kc2 54. Rf8 c3 55. Rxf7 Kb1 56. Rc7 Kc2 57. Ke1 Kb2 58. Kd1 Kb3
59. Kc1 1-0

[Event "NK C Jeugd"]
[Site "Chess.com"]
[Date "2020.05.01"]
[Round "1"]
[White "Bakija, Alan"]
[Black "Van der Hagen, Loek"]
[Result "1-0"]
[WhiteElo "1765"]
[BlackElo "2197"]
[PlyCount "51"]
[EventDate "2020.05.??"]

1. Nf3 g6 2. g3 Bg7 3. d4 d6 4. Bg2 Nf6 5. O-O O-O 6. c4 Nc6 7. b3 e5 8. Bb2
exd4 9. Nxd4 Bd7 10. Nxc6 Bxc6 11. Bxc6 bxc6 12. Qc2 Re8 13. Re1 a5 14. Nd2 Qd7
15. e4 a4 16. Rad1 axb3 17. axb3 Ra2 18. Ra1 Rxb2 19. Qxb2 Nxe4 20. Qc2 Bxa1
21. Rxa1 Nf6 22. Qc3 Ng4 23. Qf3 Ne5 24. Qf4 Nd3 25. Qf3 Ne1 26. Qh1 1-0

[Event "NK C Jeugd"]
[Site "Chess.com"]
[Date "2020.05.01"]
[Round "1"]
[White "De Winter, Arthur"]
[Black "Groen, Jari"]
[Result "1-0"]
[WhiteElo "2514"]
[BlackElo "1748"]
[PlyCount "75"]
[EventDate "2020.05.??"]

1. e4 c5 2. Nf3 Nc6 3. d4 cxd4 4. Nxd4 Nf6 5. Nc3 e5 6. Ndb5 d6 7. Nd5 Nxd5 8.
exd5 Nb8 9. a4 Be7 10. Be2 O-O 11. O-O f5 12. f4 a6 13. Na3 Nd7 14. Nc4 Qc7 15.
Be3 Bf6 16. a5 Nc5 17. fxe5 Bxe5 18. Nxe5 dxe5 19. Bc4 Kh8 20. d6 Qc6 21. Qd5
Ne4 22. Qxc6 bxc6 23. Rad1 Bd7 24. Bb6 Rf6 25. Bc7 g5 26. Rd3 g4 27. Re1 h5 28.
Rb3 h4 29. Rd1 g3 30. h3 Nf2 31. Re1 Ne4 32. Rb8+ Rxb8 33. Bxb8 Nxd6 34. Bxa6
e4 35. Rd1 Bc8 36. Bxd6 Bxa6 37. Be5 Kg7 38. Rd6 1-0

[Event "NK C Jeugd"]
[Site "Chess.com"]
[Date "2020.05.01"]
[Round "1"]
[White "Grooten, Tommy"]
[Black "Niemeijer, Léon"]
[Result "0-1"]
[WhiteElo "1857"]
[BlackElo "1578"]
[PlyCount "72"]
[EventDate "2020.05.??"]

1. e4 e6 2. d3 d5 3. Nd2 Nf6 4. g3 dxe4 5. dxe4 Nc6 6. Bg2 Bc5 7. Ngf3 e5 8.
O-O O-O 9. c3 Be6 10. Qe2 a6 11. Nb3 Ba7 12. Bg5 h6 13. Bd2 b5 14. Rad1 Bc4 15.
Qe1 Bxf1 16. Bxf1 Qe7 17. Nh4 Rad8 18. Nf5 Qe6 19. Bh3 Qc4 20. Nc1 Nxe4 21. Ne3
Bxe3 22. Qxe3 Nxd2 23. Rxd2 Rxd2 24. Qxd2 Rd8 25. Qe1 e4 26. Ne2 Ne7 27. Nf4
Nd5 28. Nxd5 Qxd5 29. Qe3 Qd3 30. Qf4 Qf3 31. Qxc7 Rd1+ 32. Bf1 g6 33. Qc8+ Kg7
34. h4 e3 35. Qe8 Qxf2+ 36. Kh1 Rxf1# 0-1

[Event "NK C Jeugd"]
[Site "Chess.com"]
[Date "2020.05.01"]
[Round "1"]
[White "Huang, Wendy"]
[Black "Shadrin, Mitia"]
[Result "1-0"]
[WhiteElo "1887"]
[BlackElo "1605"]
[PlyCount "101"]
[EventDate "2020.05.??"]

1. e4 c5 2. Nf3 g6 3. d4 cxd4 4. Nxd4 Nc6 5. c4 Nf6 6. Nc3 Nxd4 7. Qxd4 d6 8.
Be3 Bg7 9. Qd1 O-O 10. Be2 Be6 11. f3 Qa5 12. O-O Rac8 13. Nd5 Nxd5 14. exd5
Bd7 15. Bd4 a6 16. Bxg7 Kxg7 17. Qd4+ Kg8 18. a3 b5 19. cxb5 Bxb5 20. Bxb5 Qxb5
21. Rac1 Qb7 22. Rfe1 Rc7 23. Rxc7 Qxc7 24. Qe4 Re8 25. Kh1 e5 26. Qa4 Rb8 27.
Rb1 Qb7 28. Qc4 Kg7 29. b4 Qb5 30. Qxb5 Rxb5 31. Rd1 a5 32. bxa5 Rxa5 33. Rd3
Kf6 34. Kg1 Kf5 35. Kf2 e4 36. Rd1 Rxa3 37. g4+ Ke5 38. fxe4 Kxe4 39. Rd2 Kf4
40. Rd4+ Ke5 41. Rd2 Ra5 42. Rc2 Rxd5 43. Rc7 Ke6 44. Kf3 Rd3+ 45. Kf2 d5 46.
Ra7 Rd4 47. h3 Kf6 48. Ra6+ Kg5 49. Ra7 Rf4+ 50. Kg3 d4 51. h4+ 1-0

[Event "NK C Jeugd"]
[Site "Chess.com"]
[Date "2020.05.01"]
[Round "1"]
[White "Kazarjan, Gachatur"]
[Black "Kumar, Prajit Sai"]
[Result "1-0"]
[WhiteElo "1458"]
[BlackElo "1837"]
[PlyCount "93"]
[EventDate "2020.05.??"]

1. e4 c5 2. Nf3 d6 3. d4 cxd4 4. Nxd4 Nf6 5. Nc3 a6 6. f3 e5 7. Nb3 h5 8. Be3
Be6 9. Qd2 Nbd7 10. O-O-O b5 11. Kb1 Be7 12. Nc1 Nb6 13. Qf2 Nc4 14. Nd3 O-O
15. Nb4 Nxe3 16. Qxe3 Qc7 17. h3 a5 18. Nbd5 Bxd5 19. Nxd5 Nxd5 20. Rxd5 b4 21.
b3 h4 22. Bc4 a4 23. Kb2 axb3 24. Bxb3 Rfc8 25. Rd3 Qa5 26. Bd5 Rab8 27. Rb3
Qc5 28. Qd2 Bd8 29. Rc1 Bb6 30. c3 bxc3+ 31. Rbxc3 Qd4 32. Kc2 Qxd2+ 33. Kxd2
Ba5 34. Kd3 Rxc3+ 35. Rxc3 Bxc3 36. Kxc3 Kf8 37. a4 Ke7 38. a5 Rc8+ 39. Kb4
Rb8+ 40. Kc4 Rc8+ 41. Kb5 Rc2 42. a6 Rb2+ 43. Ka5 Rb1 44. a7 Ra1+ 45. Kb6 Rb1+
46. Kc7 Rc1+ 47. Bc6 1-0

[Event "NK C Jeugd"]
[Site "Chess.com"]
[Date "2020.05.01"]
[Round "1"]
[White "Labruyère, Roger"]
[Black "Verheij, Dana"]
[Result "1-0"]
[WhiteElo "1940"]
[BlackElo "1697"]
[PlyCount "63"]
[EventDate "2020.05.??"]

1. e4 c5 2. Nf3 d6 3. c3 Nf6 4. Qc2 Nc6 5. d4 cxd4 6. cxd4 e6 7. Nc3 Be7 8. Be2
O-O 9. O-O a6 10. a3 Bd7 11. h3 Rc8 12. Be3 d5 13. e5 Ne8 14. Bd3 f5 15. exf6
Nxf6 16. Rac1 Bd6 17. Qb1 e5 18. dxe5 Nxe5 19. Nxe5 Bxe5 20. Bg5 h6 21. Bxf6
Qxf6 22. Nxd5 Qd6 23. Rcd1 Bh2+ 24. Kh1 Bc6 25. Ne3 Kh8 26. Bf5 Qf4 27. Bxc8
Rxc8 28. Qf5 Qc7 29. Nd5 Qe5 30. Qxe5 Bxe5 31. Ne7 Rc7 32. Ng6+ 1-0

[Event "NK C Jeugd"]
[Site "Chess.com"]
[Date "2020.05.01"]
[Round "1"]
[White "Nitrauw, Peter"]
[Black "Slagboom, Leandro"]
[Result "0-1"]
[WhiteElo "1668"]
[BlackElo "1913"]
[PlyCount "92"]
[EventDate "2020.05.??"]

1. d4 d5 2. Bf4 Nf6 3. c3 e6 4. e3 Bd6 5. Bg3 c5 6. Bd3 Qc7 7. Nd2 Nbd7 8. Ngf3
b6 9. O-O Bb7 10. Rc1 O-O 11. Re1 Rfd8 12. e4 dxe4 13. Nxe4 Nxe4 14. Bxe4 Bxe4
15. Rxe4 Nf6 16. Re1 Bxg3 17. hxg3 Qb7 18. Qb3 cxd4 19. Nxd4 Rac8 20. Rcd1 a6
21. a3 Nd7 22. Qc2 b5 23. Qe2 Nc5 24. Nf3 Rd5 25. Rxd5 Qxd5 26. Rd1 Qb3 27. Nd4
Qc4 28. Qxc4 bxc4 29. Kf1 g6 30. Nc2 Nd3 31. Rb1 Rb8 32. Nb4 Nc5 33. Ke2 Rb6
34. Ke3 a5 35. Nc2 e5 36. Kd2 Ne4+ 37. Ke3 Nxc3 38. Ra1 Rxb2 39. Ne1 Re2+ 40.
Kf3 e4+ 41. Kg4 f5+ 42. Kh3 Rxf2 43. Rc1 Nd5 44. Rxc4 Rf1 45. Rc8+ Kg7 46. Rc1
Rh1# 0-1

[Event "NK C Jeugd"]
[Site "Chess.com"]
[Date "2020.05.01"]
[Round "1"]
[White "Roebers, Eline"]
[Black "Qi, Zimo"]
[Result "1-0"]
[WhiteElo "2047"]
[BlackElo "1722"]
[PlyCount "65"]
[EventDate "2020.05.??"]

1. d4 d5 2. Nc3 Nf6 3. Bf4 e6 4. e3 Nbd7 5. Nf3 Nh5 6. Bg3 Nxg3 7. hxg3 Be7 8.
e4 dxe4 9. Nxe4 Nf6 10. Bd3 Bd7 11. Qe2 Bc6 12. O-O-O a6 13. Kb1 b5 14. Ne5 Bd5
15. Ng5 Rf8 16. Nxh7 Nxh7 17. Rxh7 Bf6 18. a4 c6 19. c4 bxc4 20. Bxc4 Qb6 21.
Bxd5 cxd5 22. f4 Rb8 23. Rhh1 Ke7 24. Rc1 Rfc8 25. Rhe1 Bxe5 26. dxe5 a5 27. g4
Rc7 28. Rxc7+ Qxc7 29. Rc1 Qb6 30. Qc2 d4 31. Qc7+ Kf8 32. Qxb6 Rb7 33. Qxb7
1-0

[Event "NK C Jeugd"]
[Site "Chess.com"]
[Date "2020.05.01"]
[Round "1"]
[White "Van Foreest, Machteld"]
[Black "Brandsma, Romayn"]
[Result "1-0"]
[WhiteElo "1775"]
[BlackElo "1765"]
[PlyCount "85"]
[EventDate "2020.05.??"]

1. e4 e5 2. Nf3 Nc6 3. Bc4 Bc5 4. c3 Nf6 5. d3 O-O 6. O-O d6 7. Bg5 Be6 8. Bb5
a6 9. Ba4 h6 10. Bh4 b5 11. Bc2 Ba7 12. h3 d5 13. d4 dxe4 14. Bxe4 Qd6 15. Bxc6
Qxc6 16. Nxe5 Qe4 17. Bxf6 gxf6 18. Qf3 Qh4 19. Nd3 Kh7 20. Qf4 Qh5 21. Nd2 Rg8
22. h4 Qg6 23. Qg3 Qh5 24. Qf4 Rg6 25. Qf3 Qxf3 26. Nxf3 Rag8 27. Nf4 Rg4 28.
Nxe6 Rxg2+ 29. Kh1 fxe6 30. Nh2 c5 31. Rad1 cxd4 32. cxd4 Bb8 33. Nf3 e5 34.
dxe5 fxe5 35. Ng5+ hxg5 36. Kxg2 gxh4+ 37. Kh3 Kh6 38. Kxh4 Rc8 39. Rd2 Rc4+
40. Kh3 Rf4 41. Rg1 Kh5 42. Rd8 Rf3+ 43. Kg2 1-0

[Event "NK C Jeugd"]
[Site "Chess.com"]
[Date "2020.05.01"]
[Round "1"]
[White "Van Foreest, Nanne"]
[Black "Aarts, Joaquin"]
[Result "1-0"]
[WhiteElo "1843"]
[BlackElo "1417"]
[PlyCount "121"]
[EventDate "2020.05.??"]

1. e4 c5 2. Nf3 d6 3. d4 cxd4 4. Nxd4 e6 5. Nc3 Nf6 6. Bg5 Be7 7. Be3 a6 8. Be2
O-O 9. O-O Bd7 10. f3 b5 11. a3 Nc6 12. Nxc6 Bxc6 13. Qd2 Rc8 14. Rad1 e5 15.
Kh1 Qc7 16. Bg5 Rfe8 17. Bxf6 Bxf6 18. Qxd6 Qxd6 19. Rxd6 Red8 20. Rfd1 Kf8 21.
Rxd8+ Rxd8 22. Rxd8+ Bxd8 23. Kg1 Bb6+ 24. Kf1 Ke7 25. Ke1 Bd4 26. Kd2 f6 27.
Kd3 Kd6 28. Nd1 Kc5 29. c3 Bg1 30. h3 Bh2 31. Ne3 Bf4 32. b4+ Kd6 33. Nf5+ Ke6
34. Nxg7+ Kf7 35. Nf5 Bc1 36. Kc2 Bxa3 37. Ng3 Ke6 38. Nf1 a5 39. bxa5 Bc5 40.
Nd2 Kd7 41. Nb3 Bd6 42. c4 bxc4 43. Bxc4 Ba4 44. Kc3 Bxb3 45. Kxb3 Kc7 46. Ka4
Kc6 47. Bd5+ Kc7 48. Kb5 Kb8 49. a6 Ka7 50. Bb7 Bf8 51. Kc6 Bh6 52. Kd7 Bg5 53.
Ke6 h5 54. g3 h4 55. gxh4 Bxh4 56. Kf5 Bg5 57. Kg4 Be3 58. h4 Kb8 59. Kf5 Kc7
60. Kxf6 Kd6 61. h5 1-0

[Event "NK C Jeugd"]
[Site "Chess.com"]
[Date "2020.05.01"]
[Round "1"]
[White "Wieggers, Wouter"]
[Black "Wierenga, Jael"]
[Result "0-1"]
[WhiteElo "1575"]
[BlackElo "1894"]
[PlyCount "134"]
[EventDate "2020.05.??"]

1. e4 b6 2. Nc3 Bb7 3. d4 e6 4. Nf3 Bb4 5. Bd3 Nf6 6. Bg5 h6 7. Bxf6 Qxf6 8.
O-O a6 9. a3 Bxc3 10. bxc3 O-O 11. Qe2 d5 12. exd5 Bxd5 13. Be4 Rd8 14. Bxd5
exd5 15. Qd3 Nd7 16. Rfe1 b5 17. Ne5 Nxe5 18. Rxe5 Qd6 19. a4 c6 20. axb5 axb5
21. Rae1 g6 22. Re7 Rf8 23. Qe3 Kg7 24. Qe5+ Qxe5 25. R1xe5 Rfc8 26. g3 Rab8
27. Ra7 b4 28. Ree7 Rf8 29. Rac7 bxc3 30. Rxc6 Rbc8 31. Rxc8 Rxc8 32. Rd7 Ra8
33. Rc7 Ra3 34. Rc5 Kf6 35. Kg2 Ke6 36. Kf3 g5 37. Ke3 Kd6 38. Kd3 Ra1 39. Rxc3
Rh1 40. Ke2 Rxh2 41. Rf3 Ke6 42. Kf1 Rh1+ 43. Ke2 Rc1 44. Kd3 Rf1 45. Ke2 Ra1
46. Kd2 h5 47. Kd3 Ra3+ 48. Ke2 Rxf3 49. Kxf3 Kf5 50. c3 h4 51. gxh4 gxh4 52.
Kg2 Ke4 53. Kh3 Kd3 54. Kxh4 Kxc3 55. Kg4 Kxd4 56. Kf3 Kd3 57. Kf4 d4 58. Ke5
Kc3 59. f4 d3 60. f5 d2 61. Kf6 d1=Q 62. Kxf7 Qd7+ 63. Kg6 Qe8+ 64. Kg7 Qe7+
65. Kg6 Qf8 66. f6 Kd4 67. f7 Ke5 0-1

[Event "NK C Jeugd"]
[Site "Chess.com"]
[Date "2020.05.01"]
[Round "2"]
[White "Achuthan, Dylan"]
[Black "Huang, Wendy"]
[Result "1/2-1/2"]
[WhiteElo "1328"]
[BlackElo "1876"]
[PlyCount "139"]
[EventDate "2020.05.??"]

1. e4 c5 2. Nf3 Nc6 3. c3 d5 4. exd5 Qxd5 5. d4 Nf6 6. Be2 e6 7. O-O Be7 8. Na3
O-O 9. Nb5 Qd8 10. Be3 a6 11. Na3 cxd4 12. Nxd4 Nd5 13. Nxc6 bxc6 14. Nc4 c5
15. Qb3 Qc7 16. Bf3 Rb8 17. Qc2 Bb7 18. Rfe1 Rfd8 19. Rad1 Nxe3 20. Rxe3 Bxf3
21. Rxd8+ Rxd8 22. Rxf3 Qd7 23. g3 Bf6 24. Re3 Qd1+ 25. Qxd1 Rxd1+ 26. Kg2 Kf8
27. Re2 Ke7 28. Kf3 Bg5 29. h4 Bf6 30. Rd2 Rxd2 31. Nxd2 Kd7 32. Ke4 Kd6 33.
Nc4+ Kc6 34. Ne3 h5 35. Nc4 Be7 36. Ne5+ Kb5 37. Nxf7 Bf6 38. Nd6+ Kc6 39. Nc4
Kb5 40. Ne5 c4 41. Nd7 Be7 42. Ke5 Kc6 43. Kxe6 Bd6 44. Ne5+ Kc5 45. Nf3 Bc7
46. Kf7 Kd5 47. Kxg7 Bb6 48. Kg6 Bxf2 49. Kxh5 Bxg3 50. Kg5 Ke4 51. Kg4 Bd6 52.
h5 Bf8 53. Nd4 Kd3 54. Ne6 Bh6 55. Kf5 Kc2 56. b3 cxb3 57. axb3 Kxb3 58. Nc5+
Kxc3 59. Nxa6 Kd4 60. Kg6 Bc1 61. Nc7 Ke5 62. Ne8 Ke6 63. Ng7+ Ke7 64. Nf5+ Kf8
65. Kh7 Kf7 66. Ng3 Kf8 67. Kg6 Kg8 68. Ne4 Kh8 69. Ng5 Bxg5 70. Kxg5 1/2-1/2

[Event "NK C Jeugd"]
[Site "Chess.com"]
[Date "2020.05.01"]
[Round "2"]
[White "Bakija, Alan"]
[Black "Labruyère, Roger"]
[Result "1-0"]
[WhiteElo "1765"]
[BlackElo "1928"]
[PlyCount "75"]
[EventDate "2020.05.??"]

1. Nf3 d5 2. g3 c5 3. Bg2 Nc6 4. d4 cxd4 5. Nxd4 e5 6. Nxc6 bxc6 7. c4 Be6 8.
Nc3 Rc8 9. cxd5 cxd5 10. Qa4+ Bd7 11. Qxa7 Bc5 12. Qb7 Bc6 13. Qb3 Nf6 14. O-O
O-O 15. Bg5 d4 16. Bxc6 Rxc6 17. Ne4 Be7 18. Nxf6+ Bxf6 19. Bxf6 Qxf6 20. Rac1
Rfc8 21. Rxc6 Qxc6 22. a4 h5 23. a5 h4 24. gxh4 Qg6+ 25. Qg3 Qe6 26. Ra1 Rc6
27. b4 Qd5 28. Qg2 Rg6 29. f3 Rxg2+ 30. Kxg2 Qb5 31. a6 Qxe2+ 32. Kg3 Qb2 33.
Ra4 Qb3 34. Ra1 Qd5 35. a7 Qa8 36. b5 d3 37. b6 d2 38. b7 1-0

[Event "NK C Jeugd"]
[Site "Chess.com"]
[Date "2020.05.01"]
[Round "2"]
[White "Brandsma, Romayn"]
[Black "Wieggers, Wouter"]
[Result "1-0"]
[WhiteElo "1778"]
[BlackElo "1571"]
[PlyCount "71"]
[EventDate "2020.05.??"]

1. e4 c5 2. c3 d5 3. exd5 Qxd5 4. d4 Nf6 5. Nf3 Bg4 6. Be2 e6 7. Na3 Nc6 8. O-O
Be7 9. Be3 cxd4 10. Nb5 Qd7 11. Nbxd4 O-O 12. Qc2 Nxd4 13. Nxd4 Bxe2 14. Qxe2
a6 15. Rfd1 Qc7 16. Rac1 Rfd8 17. h3 Rac8 18. Qf3 Nd5 19. Bd2 Bf6 20. Ne2 Nb6
21. Bf4 e5 22. Bg3 Nc4 23. b3 Nb6 24. c4 Qe7 25. Nc3 h6 26. Ne4 Bg5 27. Nxg5
Qxg5 28. Qxb7 Rb8 29. Qf3 Re8 30. Qe4 Qf6 31. Kh2 Qe6 32. c5 Nd7 33. c6 Nb6 34.
c7 Rbc8 35. Rc6 Qd7 36. Rxd7 1-0

[Event "NK C Jeugd"]
[Site "Chess.com"]
[Date "2020.05.01"]
[Round "2"]
[White "Groen, Jari"]
[Black "De Heij, Mees"]
[Result "1-0"]
[WhiteElo "1752"]
[BlackElo "1560"]
[PlyCount "203"]
[EventDate "2020.05.??"]

1. e4 c5 2. Nf3 Nc6 3. d4 cxd4 4. Nxd4 Nf6 5. Nc3 e5 6. Ndb5 d6 7. Bg5 a6 8.
Na3 b5 9. Nd5 Be7 10. Bxf6 Bxf6 11. c3 O-O 12. Nc2 Bg5 13. h4 Be7 14. g3 Kh8
15. Bg2 Be6 16. O-O Rb8 17. Ncb4 Nxb4 18. Nxb4 Qc8 19. a4 Bh3 20. axb5 axb5 21.
Nd5 Bxg2 22. Kxg2 Qd7 23. Qd2 h6 24. Rfd1 f5 25. exf5 Rxf5 26. Nxe7 Qxe7 27.
Qxd6 Qb7+ 28. Qd5 Qb6 29. Rd2 Rbf8 30. Rf1 Qg6 31. Qxb5 e4 32. Qe2 Qe6 33. Rd4
e3 34. fxe3 Rxf1 35. e4 R1f2+ 36. Qxf2 Rxf2+ 37. Kxf2 Qf6+ 38. Ke3 Qe5 39. Kf3
Kh7 40. Rd5 Qf6+ 41. Rf5 Qb6 42. b4 Qd6 43. Rd5 Qf6+ 44. Kg4 Qxc3 45. b5 Qc4
46. Kf4 Kg8 47. Ke5 Qc7+ 48. Rd6 Kf7 49. b6 Qb8 50. Kd5 Ke7 51. Re6+ Kd7 52.
Rg6 Qa8+ 53. Ke5 Qa1+ 54. Kd5 Qa8+ 55. Kd4 Qd8 56. Rxg7+ Kc6+ 57. Ke3 Qxb6+ 58.
Kf4 Qf2+ 59. Kg4 Qe2+ 60. Kf5 Kd6 61. Rg6+ Kc5 62. Rxh6 Kd4 63. Re6 Qf2+ 64.
Kg4 Qf8 65. Rg6 Kxe4 66. Kh5 Kf5 67. Rg5+ Ke4 68. Rg6 Qf7 69. Kh6 Kf5 70. h5
Qf8+ 71. Kh7 Qe7+ 72. Rg7 Qe4 73. g4+ Kf6+ 74. Kg8 Qe8+ 75. Kh7 Qf8 76. h6 Qe8
77. g5+ Ke6 78. Rg8 Qf7+ 79. Rg7 Qf5+ 80. Kh8 Qf8+ 81. Rg8 Qe7 82. h7 Kf5 83.
g6 Qf6+ 84. Rg7 Kg5 85. Kg8 Kh6 86. h8=Q+ Kg5 87. Rf7 Qxg6+ 88. Qg7 Qxg7+ 89.
Kxg7 Kg4 90. Kf8 Kg3 91. Ke7 Kg2 92. Ke6 Kg1 93. Ke5 Kg2 94. Ke4 Kg3 95. Rf8
Kg4 96. Rg8+ Kh5 97. Kf4 Kh6 98. Kf5 Kh7 99. Rg1 Kh8 100. Kf6 Kh7 101. Rg2 Kh6
102. Rh2# 1-0

[Event "NK C Jeugd"]
[Site "Chess.com"]
[Date "2020.05.01"]
[Round "2"]
[White "Kumar, Prajit Sai"]
[Black "Shadrin, Mitia"]
[Result "1-0"]
[WhiteElo "1840"]
[BlackElo "1599"]
[PlyCount "69"]
[EventDate "2020.05.??"]

1. d4 Nf6 2. c4 c5 3. d5 b5 4. Qc2 bxc4 5. e4 d6 6. Bxc4 Nbd7 7. Nf3 g6 8. Nc3
Bg7 9. O-O O-O 10. Bg5 Nb6 11. Be2 Nfd7 12. a4 a5 13. Nb5 Ba6 14. Nd2 h6 15.
Be3 Qb8 16. f4 Rc8 17. Nc4 Nxc4 18. Bxc4 Nb6 19. Be2 Bxb5 20. Bxb5 Qc7 21. Rac1
Rab8 22. b3 Nd7 23. Qd2 Nf6 24. Qd3 e6 25. dxe6 fxe6 26. Rfd1 Rb6 27. Kh1 Qb7
28. e5 dxe5 29. fxe5 Ng4 30. Qe2 Nxe5 31. Bxc5 Rxb5 32. axb5 Qb8 33. Bd6 Rxc1
34. Bxb8 Rxd1+ 35. Qxd1 1-0

[Event "NK C Jeugd"]
[Site "Chess.com"]
[Date "2020.05.01"]
[Round "2"]
[White "Nitrauw, Peter"]
[Black "Grooten, Tommy"]
[Result "0-1"]
[WhiteElo "1664"]
[BlackElo "1861"]
[PlyCount "72"]
[EventDate "2020.05.??"]

1. e4 c5 2. d4 cxd4 3. c3 dxc3 4. Nxc3 Nc6 5. Nf3 e6 6. Bc4 a6 7. O-O b5 8. Bb3
Nge7 9. Qe2 Bb7 10. Rd1 Qb8 11. Bg5 f6 12. Bh4 Ng6 13. Bg3 Qa7 14. Qd3 Rd8 15.
Bc7 Nce5 16. Nxe5 Nxe5 17. Bxe5 fxe5 18. Bxe6 Bc6 19. Bd5 Be7 20. Rac1 Rf8 21.
Qe2 Bc5 22. Qh5+ g6 23. Qxe5+ Be7 24. Qg3 Bc5 25. Qe5+ Be7 26. Qg3 Bc5 27. Rd2
b4 28. Nb1 Rc8 29. Bxc6 Rxc6 30. Qe5+ Re6 31. Qxc5 Rc6 32. Qe5+ Re6 33. Rc8+
Ke7 34. Qg5+ Rff6 35. e5 Kf7 36. exf6 Re1# 0-1